[Event "Tilburg"]
[Site "Tilburg"]
[Date "1987.??.??"]
[Round "?"]
[White "Andersson, Ulf"]
[Black "Jussupow, Artur"]
[Result "1/2-1/2"]
[WhiteElo "2600"]
[BlackElo "2635"]

1.Nf3 d5 2.d4 Nf6 3.c4 e6 4.Nc3 c6 5.e3 Nbd7 6.Bd3 dxc4 7.Bxc4 b5 8.Be2 Bb7
9.O-O a6 10.b3 c5 11.Bb2 Be7 12.dxc5 Bxc5 13.Rc1 Qe7 14.Nd4 O-O 15.Bf3 Bxf3
16.Nxf3 Rac8 17.Qe2 Ba3 18.h3 Nb6 19.Nb1 Bxb2  1/2-1/2